| 000 | 01049nam a22002057a 4500 | ||
|---|---|---|---|
| 003 | BDDh-ASL | ||
| 005 | 20231015031111.0 | ||
| 008 | 220602n b ||||| |||| 00| 0 b d | ||
| 040 | _cBDDh-ASL | ||
| 041 | _aben | ||
| 082 |
_a923.2 _bSHI |
||
| 245 | 1 | 0 |
_aশিহরণ: _b১৫ আগষ্ট জাতীয় শোক দিবস স্মরণে / |
| 246 | _aShihoron. | ||
| 260 |
_aচট্টগ্রাম: _bপ্রনব সিংহ, |
||
| 300 |
_a১২৮ পৃষ্ঠা: _bছবি; _c২১ সে.মি. |
||
| 600 | 1 | 0 |
_93054 _aRahman, Sheikh Mujibur ( শেখ মুজিবুর রহমান) _cBangabandhu (বঙ্গবন্ধু) _d1920-1975 (১৯২০-১৯৭৫) |
| 650 | 0 |
_94442 _aবঙ্গবন্ধু (Bangabandhu) শেখ মুজিবুর রহমান (Sheikh Mujibur Rahman) _xমুক্তিযুদ্ধ (Muktijuddha) Liberation War _zবাংলাদেশ (Bangladesh) |
|
| 700 | 1 |
_aহাসান, মোহাম্মদ _96973 |
|
| 942 |
_2ddc _cBK |
||
| 999 |
_c30025 _d30025 |
||